Kodai kokka kaitai katei no kenkyū /

Saved in:
书目详细资料
主要作者: Murai, Yasuhiko, 1930-
格式: 图书
语言:Japanese
出版: Tōkyō : Iwanami Shoten, Shōwa 40 [1965]
主题:
标签: 添加标签
没有标签, 成为第一个标记此记录!
LEADER 00922cam a2200277 4500
001 007763155-2
005 20024617115958.0
008 910305s1965 ja ab b 001 0 jpn
010 |a j 66001843 
020 |a 4000007645 ;  |c Y3600 
035 0 |a ocm23189697 
040 |a DLC  |c WaU  |d PPiU  |d *YNH*  |d CStRLIN 
043 |a a-ja--- 
050 0 |a HJ2981  |b .M8 
100 1 |6 880-01  |a Murai, Yasuhiko,  |d 1930- 
245 1 0 |6 880-02  |a Kodai kokka kaitai katei no kenkyū /  |c Murai Yasuhiko cho. 
260 |6 880-03  |a Tōkyō :  |b Iwanami Shoten,  |c Shōwa 40 [1965] 
300 |a xiv, 443, 16 p. :  |b ill., map. ;  |c 22 cm. 
504 |a Bibliography: p. 443. 
650 0 |a Taxation  |z Japan  |x History. 
650 0 |a Manors  |z Japan. 
880 1 |6 100-01  |a 村井康彥,  |d 1930- 
880 1 0 |6 245-02  |a 古代國家解体過程の研究 /  |c 村井康彥著. 
880 |6 260-03  |a 東京 :  |b 岩波書店,  |c 昭和40 [1965] 
988 |a 20021214 
906 |0 DLC